Click the Province of the Byzantine Empire on a Map - Statistics

General Stats
  • This quiz has been taken 1,170 times
  • The average score is 32 of 91
Answers on the Map
Answers color-coded by a green-red scale on the quiz's map according to % correct below.
 
Answer Stats
Answer % Correct
Cyprus
77%
Sardinia
76%
Sicilia
75%
Spania
75%
Corsica
74%
Creta
74%
Venetia et Histria
73%
Palaestina Prima
70%
Dalmatia
69%
Tripolitania
65%
Macedonia Prima
63%
Tuscia et Umbria
63%
Aegyptus
61%
Palaestina Secunda
60%
Achaea
59%
Libya Superior
59%
Macedonia Secunda
55%
Epirus Vetus
54%
Phoenice Paralia
52%
Apulia et Calabria
51%
Mauretania Caesariensis
51%
Armenia Prima
50%
Armenia Quarta
47%
Epirus Nova
46%
Thessalia
46%
Ghassanid Kingdom
44%
Syria Secunda
44%
Mauretania Tingitana
40%
Alpes Cottiae
39%
Campania
39%
Africa Byzacena
38%
Asia
38%
Mauritania Sitifensis
37%
Europa
36%
Africa Zeugitana
35%
Scythia Minor
35%
Thebais Prima
35%
Bithynia
34%
Libya Inferior
34%
Numidia
34%
Arcadia Aegypti
33%
Cappadocia Prima
31%
Lucania et Brutii
31%
Syria Prima
31%
Galatia Prima
29%
Kingdom of Lazica
29%
Armenia Tertia
28%
Cilicia Prima
28%
Cilicia Secunda
28%
Palaestina Salutaris
28%
Thracia
28%
Cappadocia Secunda
27%
Galatia Secunda
27%
Mesopotamia
27%
Pannonia
27%
Phoenice Libanensis
27%
Dacia Ripensis
26%
Hellespontus
26%
Lycia
26%
Paphlagonia
26%
Liguria
24%
Samnium
24%
Insulae
23%
Arabia
22%
Armenia Secunda
22%
Moesia Secunda
22%
Thebais Secunda
22%
Aemilia
21%
Caria
21%
Lydia
21%
Phrygia Prima
21%
Picenum Suburbicarium
21%
Augusta Euphratensis
20%
Moesia Prima
20%
Helenopontus
19%
Osroene
19%
Flaminia et Picenum
18%
Pamphylia
18%
Pisidia
18%
Dardania
17%
Praevalitana
17%
Rhodope
17%
Isauria
16%
Lycaonia
16%
Phrygia Secunda
16%
Taurica
16%
Haemimontus
15%
Valeria
15%
Augustamnica
14%
Dacia Mediterranea
9%
Theodorias
8%
No matching quizzes found
Score Distribution
Percent of People with Each Score
Percentile by Number Answered
Your Score History
You have not taken this quiz